Pobreza y desigualdad en América Latina (Registro nro. 1586)

Detalles MARC
000 -LEADER
fixed length control field 01311 a2200253 4500
001 - CONTROL NUMBER
control field 27416
005 - DATE AND TIME OF LATEST TRANSACTION
control field 20260407155549.0
008 - FIXED-LENGTH DATA ELEMENTS--GENERAL INFORMATION
fixed length control field 260407a2013 arg spa d
003 - CONTROL NUMBER IDENTIFIER
control field AR-UNSa-BCEJYS
040 ## - CATALOGING SOURCE
Original cataloging agency AR-UNSa-BCEJYS
Language of cataloging spa
Transcribing agency AR-UNSa-BCEJYS
080 ## - UNIVERSAL DECIMAL CLASSIFICATION NUMBER
Universal Decimal Classification number 338.124
Common auxiliary subdivision Retroceso de la actividad económica. Contracción económica (Pobreza...)
020 ## - INTERNATIONAL STANDARD BOOK NUMBER
International Standard Book Number 978-987-1826-45-2
100 1# - MAIN ENTRY--PERSONAL NAME
Personal name Gasparini, Leonardo C.
245 10 - TITLE STATEMENT
Title Pobreza y desigualdad en América Latina
Name of part/section of a work conceptos, herramientas y aplicaciones
264 #1 - PRODUCTION, PUBLICATION, DISTRIBUTION, MANUFACTURE, AND COPYRIGHT NOTICE
Place of production, publication, distribution, manufacture Buenos Aires :
Name of producer, publisher, distributor, manufacturer Temas Grupo Editorial
Date of production, publication, distribution, manufacture, or copyright notice 2013
300 ## - PHYSICAL DESCRIPTION
Extent 819 p.
Dimensions 23 cm.
505 ## - FORMATTED CONTENTS NOTE
Formatted contents note 1. Introducción - 2. Herramientas para el análisis distributivo - 3. Variables y fuentes de información - 4. Pobreza monetaria - 5. Pobreza: extensiones - 6. Desigualdad monetaria - 7. Desigualdad: extensiones - 8. Pobreza, desigualdad y crecimiento - 9. Incidencia distributiva de las políticas públicas
590 ## - LOCAL NOTE (RLIN)
Local note niveau_biblio:m niveau_hierar:0
700 1# - ADDED ENTRY--PERSONAL NAME
Personal name Cicowiez, Martín
700 1# - ADDED ENTRY--PERSONAL NAME
Personal name Sosa Escudero, Walter
700 1# - ADDED ENTRY--PERSONAL NAME
Personal name Universidad Nacional de La Plata. Centro de Estudios Distributivos, Laborales y Sociales (CEDLAS)
856 41 - ELECTRONIC LOCATION AND ACCESS
Uniform Resource Identifier <a href="https://biblioeco.unsa.edu.ar/pmb/images/libros/Pobreza y Desigualdad en America Latina.jpg">https://biblioeco.unsa.edu.ar/pmb/images/libros/Pobreza y Desigualdad en America Latina.jpg</a>
Link text Imagen de portada
Electronic format type image/jpeg
942 ## - ADDED ENTRY ELEMENTS (KOHA)
Koha item type
Existencias
Withdrawn status Lost status Damaged status Not for loan Home library Current library Shelving location Date acquired Total checkouts Full call number Barcode Date last seen Price effective from Koha item type
        Biblioteca Prof. Eusebio Cleto del Rey Biblioteca Prof. Eusebio Cleto del Rey   07/04/2026   338.124 G249 L119947 07/04/2026 07/04/2026 Libro
        Biblioteca Prof. Eusebio Cleto del Rey Biblioteca Prof. Eusebio Cleto del Rey   07/04/2026   338.124 G249 L119948 07/04/2026 07/04/2026 Libro
        Biblioteca Prof. Eusebio Cleto del Rey Biblioteca Prof. Eusebio Cleto del Rey   07/04/2026   338.124 G249 L119949 07/04/2026 07/04/2026 Libro